| 000 | 00476nam a2200169 a 4500 | ||
|---|---|---|---|
| 001 | 3286 | ||
| 003 | CDMR | ||
| 005 | 20130313111239.0 | ||
| 008 | 130130s2001||||||||||||||||||||||||||||d | ||
| 020 | _a8429749829 | ||
| 040 |
_aCDMR _bcat _cCPC GIRONA |
||
| 100 | 1 |
_aMartí i Pol, Miquel _9321 |
|
| 245 | 1 | 0 |
_aQuinze Poemes ; Porto la tarda recolzada al braç _cMiquel Martí i Pol |
| 260 |
_c2001 _bEdicions 62 _aBarcelona |
||
| 490 | 0 |
_aBiblioteca Martí i Pol _v2 |
|
| 942 |
_cMON _2udc |
||
| 999 |
_c3286 _d3286 |
||